BIBLIOTHÈQUE DE LA MAISON DU MEXIQUE

Logo 1 Logo 2

Max Aub (notice nᵒ 8354)

détails MARC
000 -Sello discográfico
campo de control de longitud fija 01135nam a2200313 4500
005 - Identificación de versión
campo de control 20251016085018.0
010 ## - Número Estándar Internacional de Libros (ISBN)
Número (ISBN) 2-85901-027-0
035 ## - Otros números de control del sistema
Número de control del sistema 3265
099 ## - fechas locales
Tipo de ítem Koha LIBRO
100 ## - Datos de procesamiento general
Datos de procesamiento general 20021007d2003 m y1spay5003 ba
105 ## - Campo de datos codificados: Material textual, monográfico
Datos codificados de monografía y 101zy
200 1# - Título y mención de responsabilidad
Título propio Max Aub
Designación general del material texto impreso
Otra información del título enracinements et déracinements
Primer mención de responsabilidad édition Marie-Claude Chaput, Bernard Sicot
210 ## - Publicación, distribución, etc.
Lugar de publicación, distribución, etc. Nanterre
Nombre del editor, distribuidor, etc. Publidix
-- Université Paris X - Nanterre
-- Centre de Recherches Ibériques et Ibéro-américaines
Fecha de publicación, distribución, etc. 2003
215 ## - Descripción física
Designación de material específico y extensión del ítem 388 p
Dimensiones 23 cm
300 ## - Notas generales
Texto de la nota Actes du colloque des 27, 28 et 29 mars 2003. Séminaire histoire et mémoire : résistances et exils
345 ## - Nota de información de adquisición
Fuente de adquisición/dirección de la suscripción [OBSOLETO] Donación
410 #1 - Series
Título Regards
Número de volumen 6
600 ## - Nombre personal usado como materia
Elemento de entrada Aub Mohrenwitz
Parte del nombre distinta del elemento de entrada Max
Fechas 1903-1972
Subdivisión temática Crítica e interpretación
Número Koha 14285
660 ## - Código de área geográfica
Código MX
702 ## - Nombre personal - Responsabilidad secundaria
Elemento de entrada Chaput
Parte del nombre distinta del elemento de entrada Marie-Claude
Número Koha 14286
702 ## - Nombre personal - Responsabilidad secundaria
Elemento de entrada Sicot
Parte del nombre distinta del elemento de entrada Bernard
Número Koha 13963
801 #0 - Fuente de origen
Agencia cm
900 ## -
-- 1/2649
900 ## -
-- 7100214437\071002
942 ## - ELEMENTOS DE ENTRADA SECUNDARIOS (KOHA)
Tipo de ítem Koha Livre
996 ## -
-- MEX
-- 751145101
-- MMAG
-- 002803
-- E862.62 C714
-- 20200217LIV
Exemplaires
Estatus retirado Estado de daño Estado de pérdida Fecha de adquisición Biblioteca de origen Biblioteca actual Ubicación en estantería Código de barras Precio de reemplazo Signatura topográfica completa No para préstamo Tipo de ítem Koha Nota pública Nota no pública
      05/08/2025 Casa México Paris Casa México Paris   002803 05/08/2025 E862.62 C714   Livre 20200217LIV 751145101